00867nam a2200205 a 45000010005000000030005000050050017000100080041000270200034000680200030001020400020001322450162001522600053003143000018003676500032003856500022004176500060004396500027004998560135005264380CDMR20131126163152.0130130s2004||||||||||||||||||||||||||||d a9223155541 (versió impresa) a922315555X (versió PDF) aCDMRbcatcCDMR 3aEl futuro del trabajo y de la calidad en la sociedad de la informaciónb: el sector de los medios de comunicación, la cultura y las industrias gráficas aGinebrac2004bOficina Internacional del Trabajo a125 p.c30 cm04aSocietat de la informació04aMercat de treball04aMitjans de comunicació de massaxAspectes econòmics04aIndústries culturals40uhttp://www.ilo.org/wcmsp5/groups/public/---dgreports/---dcomm/documents/meetingdocument/kd00064es.pdfyDisponible en línia (PDF)